| 000 | 00702cam a2200193 4500 | ||
|---|---|---|---|
| 008 | 000000n2000 000 0 eng u | ||
| 035 | _a(Sirsi) u108183 | ||
| 245 | _aLow rents | ||
| 260 | _c2000 | ||
| 490 |
_aEstates Gazette _v(0035) 2 September 2000, 30(1) |
||
| 520 | _aA report by law firm Nabarro Nathanson claims that many property owners are entering into rental agreements with mobile phone operators at rents far below their real value - in some case up to 5 times below their true worth. | ||
| 590 | _aWB | ||
| 650 | _aMOBILE PHONE MASTS | ||
| 650 | _aTELECOMMUNICATIONS MASTS | ||
| 650 | _aRENTS | ||
| 650 | _aMOBILE PHONES | ||
| 690 | _aTRANSPORT AND COMMUNICATIONS | ||
| 942 | _n0 | ||
| 999 |
_c64618 _d64618 |
||